The Sight & Sound Top 10 Meilleurs films de tous les temps - Statistiques

Statistiques générales
  • Ce quiz a été pris 59 fois
  • Le résultat moyen est 6 sur 10
Statistiques - réponses
Top Date Réalisateur(trice) Film % Correct
6 1968 Stanley Kubrick 2001: l'Odyssée de l'espace
88%
3 1941 Orson Welles Citizen Kane
80%
2 1958 Alfred Hitchcock Sueurs froides
79%
5 2000 Wong Kar Wai In the Mood for Love
71%
8 2001 David Lynch Mulholland Drive
66%
10 1952 Gene Kelly & Stanley Donen Chantons sous la Pluie
64%
1 1975 Chantal Akerman Jeanne Dielman, 23, quai du Commerce, 1080 Bruxelles
52%
4 1953 Yasujirô Ôzu Voyage à Tokyo
48%
7 1998 Claire Denis Beau Travail
46%
9 1929 Dziga Vertov L'homme à la caméra
36%
Aucun quiz correspondant
Distribution des résultats
% des personnes avec chaque résultat
Percentile par nombre de réponses
Votre historique - résultats
Vous n’avez pas pris ce quiz